Ursachen und Folgen des Telekommunikationsnotstandes in den neuen Bundesländern.

Hodnotenie stavu telekomunikačnej siete vo východnej časti Nemecka. Hospodársky potenciál a hustota telefónnej siete v r. 1988. Regionálne rozdelenie telefónov v bývalej NDR. Dôsledky rozdielov vo vybavenosti telekomunikáciami pre obyvateľstvo. Perspektívne riešenia - digitálne siete.

Na minha lista:
Detalhes bibliográficos
Autor principal: Kordey, N.
Formato: Capítulo de Livro
Idioma:alemão
Assuntos:
Tags: Adicionar Tag
Sem tags, seja o primeiro a adicionar uma tag!

MARC

LEADER 00000naa a2200000 4500
001 r005662
005 20221130103833.0
041 0 |a ger 
044 |a DE 
245 1 0 |a Ursachen und Folgen des Telekommunikationsnotstandes in den neuen Bundesländern.  |c N. Kordey 
520 |a Hodnotenie stavu telekomunikačnej siete vo východnej časti Nemecka. Hospodársky potenciál a hustota telefónnej siete v r. 1988. Regionálne rozdelenie telefónov v bývalej NDR. Dôsledky rozdielov vo vybavenosti telekomunikáciami pre obyvateľstvo. Perspektívne riešenia - digitálne siete. 
610 2 0 |a telekomunikácie 
610 2 0 |a NDR 
610 2 0 |a telefón 
610 2 0 |a 1988 
100 1 |a Kordey, N.